Új természetfilozófia általános érték- és működéselmélet
Elmentve itt :
| Szerző: | |
|---|---|
| Adatforrás: | Philobibl |
| Dokumentumtípus: | Könyv |
| Nyelv: | magyar |
| Kulcsszavak: | természetfilozófia lételmélet tér idő |
| Megjelent: |
[Budapest]
Kiss Miklós
1994
|
| LEADER | 00485cam a2200169 c 4500 | ||
|---|---|---|---|
| 001 | bibPHI0040959 | ||
| 005 | 20200924124434.6 | ||
| 008 | 990212s1994 hu hun d | ||
| 100 | 1 | |a Kiss Miklós | |
| 245 | 1 | 0 | |a Új természetfilozófia |b általános érték- és működéselmélet |c Kiss Miklós |
| 246 | 1 | 6 | |a Uj természetfilozófia II. |
| 260 | |a [Budapest] |b Kiss Miklós |c 1994 | ||
| 300 | |a 164 p. | ||
| 695 | |a természetfilozófia | ||
| 695 | |a lételmélet | ||
| 695 | |a tér | ||
| 695 | |a idő | ||